Normal view
MARC view
Entry Personal Name
001 - CONTROL NUMBER
- control field: 9366
003 - CONTROL NUMBER IDENTIFIER
- control field: OSt
005 - DATE AND TIME OF LATEST TRANSACTION
- control field: 20190902052634.0
008 - FIXED-LENGTH DATA ELEMENTS
- fixed length control field: 190902|| aca||aabn | a|a d
040 ## - CATALOGING SOURCE
- Original cataloging agency: OSt
- Transcribing agency: OSt
100 ## - HEADING--PERSONAL NAME
- Personal name: Hackmann, Martin B.
670 ## - SOURCE DATA FOUND
- Source citation: Work cat.: (OSt): Hackmann, Martin B., Incentivizing better quality of care: the role of medicaid and competition in the nursing home industry, 2019
